[Event "Titled Tue 20th May Early"]
[Site "chess.com INT"]
[Date "2025.05.20"]
[Round "1"]
[White "Smieszek, Wojciech"]
[Black "Munoz, Francisco Javier"]
[Result "0-1"]
[WhiteTitle "CM"]
[BlackTitle "FM"]
[WhiteElo "2141"]
[BlackElo "2389"]
[WhiteFideId "1156047"]
[BlackFideId "128368"]
[EventDate "2025.05.20"]

1. e4 e5 2. Nf3 Nc6 3. Bb5 a6 4. Ba4 Nge7 5. O-O g6 6. d4 exd4 7. Nxd4 Bg7 8.
Nxc6 Nxc6 9. Bxc6 bxc6 10. c3 O-O 11. Be3 Re8 12. Nd2 Rb8 13. Qc2 d6 14. Rad1 c5
15. f3 Be6 16. b3 Qf6 17. c4 a5 18. Nb1 a4 19. Bd2 axb3 20. axb3 Qb2 21. Qxb2
Bxb2 22. Ba5 Rxb3 23. Bxc7 Bd4+ 24. Kh1 Rb7 25. Bxd6 Bxc4 26. Rfe1 h5 27. Rc1
Ba2 28. Nc3 Bxc3 29. Rxc3 c4 30. e5 Rd7 31. Ra1 Bb3 32. h4 Rdd8 33. Kh2 Ra8 34.
Rb1 Ra2 35. Re1 Rd2 36. Re4 Ra8 37. Re1 Raa2 38. Rg1 Re2 39. Kg3 Rad2 40. Rcc1
f6 41. Rce1 fxe5 42. Bxe5 Kf7 43. Rxe2 Rxe2 44. Kf4 Ke6 45. Bc3 Kd5 46. Re1 Rxg2
47. Re5+ Kd6 48. Rg5 Rxg5 49. Kxg5 Bc2 50. Kf4 Kd5 51. Bb2 Kc5 52. Bc3 Kb5 53.
Ke3 Kc5 54. Kf4 Bb1 55. Be5 Kb4 56. Ke3 c3 57. Bf4 Kc4 58. Ke2 Bd3+ 59. Kd1 Kb3
60. Bg5 Kb2 61. Bc1+ Kb1 62. Ba3 Ka2 63. Bc1 Ka1 64. f4 Kb1 65. Ba3 Bf5 66. Bc1
Bg4+ 67. Ke1 Kxc1 0-1

[Event "Titled Tue 20th May Early"]
[Site "chess.com INT"]
[Date "2025.05.20"]
[Round "1"]
[White "Peil, Christoph"]
[Black "Aarit Kapil"]
[Result "0-1"]
[WhiteTitle "FM"]
[BlackTitle "CM"]
[WhiteElo "2270"]
[BlackElo "2098"]
[WhiteFideId "24651800"]
[BlackFideId "33408947"]
[EventDate "2025.05.20"]

1. e4 c5 2. Nf3 Nc6 3. Bb5 e6 4. Bxc6 bxc6 5. b3 d6 6. e5 dxe5 7. d3 f6 8. Nbd2
Bd6 9. Qe2 Ne7 10. Bb2 Nd5 11. g3 a5 12. a4 O-O 13. h4 Ba6 14. h5 Nb4 15. Rc1
Be7 16. Nc4 Bxc4 17. dxc4 Rb8 18. Kf1 Qe8 19. Kg2 Qf7 20. g4 Rfd8 21. Rcd1 g6
22. h6 Bd6 23. g5 Be7 24. Nxe5 fxe5 25. Qxe5 Kf8 26. Rxd8+ Rxd8 27. Rh3 Ke8 28.
Rf3 Qg8 29. Qc7 Rd7 30. Qc8+ Rd8 31. Qc7 Bd6 32. Qxa5 Nxc2 33. Bf6 Be7 34. Qc7
Rd7 35. Qxc6 Ne1+ 36. Kg3 Nxf3 37. Kxf3 Qf7 38. Qc8+ Rd8 39. Qc6+ Kf8 40. a5
Bxf6 41. gxf6 Qxf6+ 42. Ke2 Qe5+ 43. Kf1 Rd1+ 44. Kg2 Qg5+ 45. Kf3 Rd3+ 46. Ke2
Qd2+ 47. Kf1 Qd1+ 48. Kg2 Qg4+ 49. Kf1 Rd1# 0-1

[Event "Titled Tue 20th May Early"]
[Site "chess.com INT"]
[Date "2025.05.20"]
[Round "1"]
[White "Le, Quang Liem"]
[Black "Omariev, Maksim"]
[Result "1-0"]
[WhiteTitle "GM"]
[BlackTitle "FM"]
[WhiteElo "2729"]
[BlackElo "2304"]
[WhiteFideId "12401137"]
[BlackFideId "4193423"]
[EventDate "2025.05.20"]

1. Nf3 d5 2. c4 c6 3. e3 Nf6 4. Nc3 g6 5. d4 Bg7 6. Be2 O-O 7. O-O Bg4 8. h3
Bxf3 9. Bxf3 e6 10. b3 Nbd7 11. Bb2 Re8 12. Rc1 a6 13. Ne2 Rc8 14. Nf4 b5 15.
Nd3 Qb6 16. Qe2 Ne4 17. Rc2 f5 18. Rfc1 Qb7 19. Nf4 Kf7 20. g4 Ndf6 21. gxf5
gxf5 22. Nd3 Kg8 23. Ne5 Kh8 24. Kh1 Nd7 25. Nd3 Rg8 26. Nf4 Ng5 27. Bg2 Rge8
28. cxd5 exd5 29. Qh5 Ne4 30. Bxe4 fxe4 31. Rxc6 Nf6 32. Rxc8 Rxc8 33. Rxc8+
Qxc8 34. Ng6+ Kg8 35. Ne7+ Kf8 36. Nxc8 Nxh5 37. Ba3+ Ke8 38. Nd6+ Kd7 39. Nb7
Kc6 40. Nc5 a5 41. Ne6 b4 42. Bc1 Bf6 43. Kg2 Be7 44. f3 Kd7 45. Nf4 Nxf4+ 46.
exf4 Bf6 47. fxe4 dxe4 48. Be3 Ke6 49. d5+ Kxd5 50. Bb6 a4 51. bxa4 Bd4 52. a5
Bxb6 53. axb6 Kc6 54. f5 Kxb6 55. f6 e3 56. f7 b3 57. axb3 Kc6 58. f8=Q 1-0

[Event "Titled Tue 20th May Early"]
[Site "chess.com INT"]
[Date "2025.05.20"]
[Round "1"]
[White "Barp, Alberto"]
[Black "Nguyen Thien Ngan"]
[Result "0-1"]
[WhiteTitle "IM"]
[BlackTitle "WIM"]
[WhiteElo "2414"]
[BlackElo "1998"]
[WhiteFideId "872555"]
[BlackFideId "12414816"]
[EventDate "2025.05.20"]

1. e4 e5 2. Nf3 Nc6 3. Nc3 Nf6 4. a3 d6 5. Bc4 Be7 6. d4 exd4 7. Nxd4 O-O 8. O-O
Re8 9. f3 h6 10. Nde2 Nd7 11. Nd5 Nb6 12. Nxb6 axb6 13. Nf4 Bg5 14. Bxf7+ Kxf7
15. Qd5+ Re6 16. Nxe6 Bxe6 17. Qd1 Bf6 18. c3 Bc4 19. Rf2 Na5 20. Be3 Nb3 21.
Rb1 c5 22. f4 Kg8 23. Qf3 Qe7 24. Re1 Re8 25. Bd2 Nxd2 26. Rxd2 Qc7 27. h3 b5
28. Kh1 Qc6 29. Red1 Be7 30. Qe3 Bf7 31. Re2 Bc4 32. Ree1 Bh4 33. g3 Bf6 34. Kh2
Qb6 35. Rd2 Qc6 36. Qf3 Bf7 37. Rde2 b4 38. axb4 cxb4 39. cxb4 b5 40. Qf2 Qc4
41. e5 dxe5 42. fxe5 Bg5 43. h4 Be7 44. e6 Bg6 45. Qf3 Qxb4 46. h5 Rf8 47. Qb7
Bxh5 48. Re4 Qd6 49. Qxb5 Bg6 50. R4e2 Rf3 51. Qb7 Qxg3+ 52. Kh1 Qh3+ 0-1

[Event "Titled Tue 20th May Early"]
[Site "chess.com INT"]
[Date "2025.05.20"]
[Round "1"]
[White "Cumpe, Lucas"]
[Black "Manukian, Artak"]
[Result "1-0"]
[WhiteTitle "FM"]
[WhiteElo "2294"]
[BlackElo "2104"]
[WhiteFideId "183920"]
[BlackFideId "13301373"]
[EventDate "2025.05.20"]

1. e4 c5 2. Nf3 a6 3. Nc3 b5 4. d4 cxd4 5. Nxd4 Bb7 6. Bd3 e6 7. O-O Qc7 8. Be3
Nc6 9. Nxc6 dxc6 10. f4 Nf6 11. e5 Nd5 12. Nxd5 cxd5 13. f5 Bc5 14. Qe2 O-O 15.
f6 g6 16. Bxc5 Qxc5+ 17. Kh1 Rfc8 18. Rf4 d4 19. Rh4 Bd5 20. Rxh7 Kxh7 21. Qh5+
Kg8 22. Bxg6 fxg6 23. Qxg6+ Kf8 24. Qg7+ Ke8 25. f7+ Kd7 26. f8=Q+ Kc6 27. Qxc5+
Kxc5 28. Qe7+ Kb6 29. a4 Rxc2 30. a5+ Kc6 31. Qd6+ Kb7 32. Qb6+ Kc8 33. Rg1 d3
34. Qd4 d2 35. Qd3 Rc1 36. Qxd2 Rxg1+ 37. Kxg1 Kd7 38. Qb4 Rg8 39. Qd6+ Ke8 40.
g3 Rg4 41. Qxa6 Re4 42. Qc8+ Kf7 43. Qc7+ Kg6 44. a6 Kf5 45. a7 Kg4 46. Qg7+ Kf3
47. Qf6+ Ke2 48. Qf2+ Kd3 49. Qf1+ Kd2 50. Qf2+ Re2 51. Qd4+ Kc1 52. Qxd5 exd5
53. a8=Q d4 54. Qc6+ Kd2 55. Qxb5 d3 56. Qb4+ 1-0

[Event "Titled Tue 20th May Early"]
[Site "chess.com INT"]
[Date "2025.05.20"]
[Round "1"]
[White "Hernandez Izquierdo, Jose A."]
[Black "Srihari, L R"]
[Result "0-1"]
[WhiteTitle "IM"]
[BlackTitle "IM"]
[WhiteElo "2223"]
[BlackElo "2468"]
[WhiteFideId "3527263"]
[BlackFideId "46617116"]
[EventDate "2025.05.20"]

1. e4 g6 2. d4 Bg7 3. Nc3 d6 4. f4 Nf6 5. Nf3 O-O 6. Bd3 Bg4 7. O-O Nc6 8. e5
dxe5 9. dxe5 Nd5 10. Be4 Nxc3 11. bxc3 Qxd1 12. Rxd1 f6 13. Rb1 Rab8 14. exf6
Bxf6 15. Be3 Bxc3 16. h3 Bf5 17. Bxf5 Rxf5 18. Rd7 Ba5 19. g4 Rf6 20. Ne5 Nxe5
21. fxe5 Re6 22. Rb5 Bb6 23. Bxb6 cxb6 24. a4 Kf7 25. Kf2 Ke8 26. Rd2 Rc8 27. a5
Rcc6 28. axb6 Rxb6 29. Rc5 Rbc6 30. Rb5 b6 31. Kg3 Rc4 32. Rb3 Rxe5 33. Ra3 a5
34. Rf2 Rec5 35. Rb3 Rc3+ 36. Rf3 Rxb3 37. Rxb3 b5 38. Ra3 b4 39. Ra4 Kd7 40.
Kf4 Kc6 41. h4 Kb5 42. Ra2 a4 43. Ke4 b3 44. cxb3 axb3 45. Ra7 Kc4 46. Rb7 Kc3
47. h5 gxh5 48. gxh5 b2 49. h6 Rc4+ 0-1

[Event "Titled Tue 20th May Early"]
[Site "chess.com INT"]
[Date "2025.05.20"]
[Round "1"]
[White "Lai, Duc Minh"]
[Black "Zaksaite, Salomeja"]
[Result "1-0"]
[BlackTitle "WGM"]
[WhiteElo "2072"]
[BlackElo "2119"]
[WhiteFideId "12420387"]
[BlackFideId "12801496"]
[EventDate "2025.05.20"]

1. e4 Nf6 2. e5 Nd5 3. d4 d6 4. Nf3 dxe5 5. Nxe5 c6 6. Be2 Bf5 7. O-O e6 8. c4
Nf6 9. Nc3 Nbd7 10. Nf3 Bd6 11. h3 O-O 12. Be3 h6 13. Re1 Qc7 14. Qd2 e5 15. d5
Rad8 16. dxc6 bxc6 17. Rad1 Bc5 18. Bxc5 Nxc5 19. Qe3 Ncd7 20. Bd3 e4 21. Nxe4
Nxe4 22. Bxe4 Rfe8 23. Qd4 Bxe4 24. Rxe4 Ne5 25. Rxe5 Rf8 26. Rd5 cxd5 27. cxd5
Qd6 28. Qxa7 Ra8 29. Qd4 Rxa2 30. b4 Rb8 31. Qc5 Qb6 32. d6 Raa8 33. d7 Qd8 34.
Ne5 Qf6 35. Nc6 Rd8 36. Nxd8 Rxd8 37. b5 Qe6 38. Qc6 Qb3 39. Rd5 Qb1+ 40. Kh2
Qe4 41. g3 Qf3 42. Kg1 Qb3 43. Kg2 Qb1 44. Qc5 Qe4+ 45. Kh2 1-0

[Event "Titled Tue 20th May Early"]
[Site "chess.com INT"]
[Date "2025.05.20"]
[Round "1"]
[White "Ernst, Robert"]
[Black "Azizoglu, Ferzan"]
[Result "1-0"]
[WhiteTitle "FM"]
[WhiteElo "2340"]
[BlackElo "2055"]
[WhiteFideId "1662643"]
[BlackFideId "6302726"]
[EventDate "2025.05.20"]

1. d4 Nf6 2. c4 g6 3. Nc3 Bg7 4. Nf3 d6 5. e4 O-O 6. Be2 e5 7. O-O Na6 8. Be3
Qe7 9. Bg5 c6 10. c5 h6 11. cxd6 Qxd6 12. Bxf6 Bxf6 13. dxe5 Bxe5 14. Bxa6 bxa6
15. Nxe5 Qxe5 16. Qd2 Kg7 17. Rac1 Rb8 18. Kh1 Be6 19. f4 Qa5 20. Qf2 Qb6 21.
Rc2 Qxf2 22. Rcxf2 Rfd8 23. Kg1 Bc4 24. Rc1 Rd4 25. b3 Bd3 26. Rd2 Rbd8 27. Rcd1
c5 28. e5 Bf5 29. Rxd4 cxd4 30. Ne2 Bg4 31. Rxd4 Rc8 32. Rd2 Bxe2 33. Rxe2 Rc3
34. Kf2 Kf8 35. Rd2 Ke7 36. Ke2 h5 37. g3 h4 38. g4 Ke6 39. Rd6+ Ke7 40. Rxa6
Rc2+ 41. Kf3 Rxh2 42. Rxa7+ Ke6 43. Ra6+ Ke7 44. g5 Rh1 45. Kg4 h3 46. Kg3 h2
47. Kg2 Rf1 48. Kxh2 Rxf4 49. Kg3 Re4 50. Ra5 Ke6 51. Rb5 Re2 52. a4 Ra2 53. a5
Ra3 54. Kf4 Ra1 55. b4 Rf1+ 56. Ke4 Ra1 57. Rb6+ Ke7 58. a6 Re1+ 59. Kd5 Rd1+
60. Kc6 Re1 61. a7 Ra1 62. Kb7 1-0

[Event "Titled Tue 20th May Early"]
[Site "chess.com INT"]
[Date "2025.05.20"]
[Round "1"]
[White "Wernberg, Hugo"]
[Black "Martinez Alcantara, Jose Eduardo"]
[Result "0-1"]
[WhiteTitle "FM"]
[BlackTitle "GM"]
[WhiteElo "2247"]
[BlackElo "2611"]
[WhiteFideId "1737511"]
[BlackFideId "3805662"]
[EventDate "2025.05.20"]

1. e4 c5 2. Nf3 d6 3. Bb5+ Nd7 4. c4 e6 5. Nc3 Nf6 6. O-O Be7 7. Re1 O-O 8. d4
cxd4 9. Nxd4 a6 10. Ba4 Ne5 11. Qe2 Bd7 12. Bxd7 Nexd7 13. b3 Rc8 14. Bb2 Re8
15. Rac1 Qa5 16. Red1 Qh5 17. f3 Qc5 18. Kh1 Qa5 19. Qd2 Bf8 20. Nde2 Red8 21.
Nd5 Qxd2 22. Nxf6+ Nxf6 23. Rxd2 Rd7 24. Bxf6 gxf6 25. Rcd1 Rdc7 26. Nd4 Rc5 27.
a4 h5 28. g3 Kh7 29. Kg2 Kg6 30. f4 Kg7 31. Kf3 Re8 32. h3 Kg8 33. g4 Kh7 34.
Rg1 Bh6 35. Re2 Rg8 36. Rgg2 Re8 37. Rg1 b6 38. Rd1 Rec8 39. Ra2 Bf8 40. Rd3 Re8
41. Rad2 Be7 42. Re2 Rec8 43. Red2 Kg8 44. Re2 Kf8 45. Red2 Ke8 46. Re2 Kd7 47.
Red2 Kc7 48. f5 Kd7 49. fxe6+ fxe6 50. Ne2 b5 51. axb5 axb5 52. cxb5 Rxb5 53.
Nf4 hxg4+ 54. hxg4 Rcb8 55. Rb2 Rh8 56. Ng6 Rh3+ 57. Ke2 Rh2+ 58. Ke3 Rxb2 59.
Nxe7 Kxe7 60. Kd4 R5xb3 61. Kc4 Rb4+ 62. Kc3 R2b3+ 63. Kd2 Rxd3+ 64. Kxd3 Rb3+
65. Kd4 Rg3 66. g5 Rxg5 67. Ke3 Re5 68. Kf4 Kd7 69. Ke3 Kc6 70. Kd4 Kb5 71. Kc3
Kc5 72. Kd3 d5 73. exd5 Kxd5 74. Kd2 f5 75. Kd3 f4 76. Kd2 f3 77. Kd3 f2 78. Kd2
f1=Q 79. Kc3 Qf3+ 80. Kd2 Re2+ 81. Kd1 Qf1# 0-1

[Event "Titled Tue 20th May Early"]
[Site "chess.com INT"]
[Date "2025.05.20"]
[Round "1"]
[White "Papaioannou, Dimitrios"]
[Black "Khafizova, Diana"]
[Result "1-0"]
[WhiteTitle "CM"]
[BlackTitle "WFM"]
[WhiteElo "2200"]
[BlackElo "2073"]
[WhiteFideId "25865137"]
[BlackFideId "34378049"]
[EventDate "2025.05.20"]

1. Nf3 d5 2. d4 Nf6 3. c4 e6 4. g3 Bb4+ 5. Bd2 Be7 6. Bg2 O-O 7. Qc2 Nbd7 8. h4
c5 9. cxd5 exd5 10. Nc3 a6 11. O-O c4 12. Ne5 Nb6 13. Rad1 Be6 14. Bg5 h6 15.
Bxf6 Bxf6 16. e4 Bxe5 17. dxe5 d4 18. f4 Bg4 19. Bf3 Bxf3 20. Rxf3 d3 21. Qf2
Nd7 22. Nd5 Rc8 23. b3 b5 24. g4 Nc5 25. Qe1 Re8 26. g5 hxg5 27. hxg5 Qd7 28.
Rg3 Qe6 29. Nf6+ Kf8 30. Rd2 Red8 31. Rh2 Ke7 32. bxc4 gxf6 33. gxf6+ Kd7 34.
cxb5 axb5 35. Rg7 Re8 36. Rhh7 Kc6 37. Rxf7 Rg8+ 38. Rfg7 Qc4 39. Qe3 Qxe4 40.
Kf2 Qd5 41. Ke1 Rce8 42. f7 d2+ 43. Qxd2 Qe4+ 44. Kd1 Qb1+ 45. Ke2 Qe4+ 46. Qe3
Qc4+ 47. Kf3 Qd5+ 48. Kf2 Qxa2+ 49. Kg3 Rxg7+ 50. Rxg7 Rf8 51. Qf3+ Qd5 52. f5
Ne4+ 53. Kf4 Nc5 54. e6 Qxf3+ 55. Kxf3 Kd6 56. Rg8 Ke7 57. f6+ Kxe6 58. Rxf8
Kxf6 59. Rc8 Ne6 60. f8=Q+ Nxf8 61. Rxf8+ Ke5 62. Rb8 1-0

[Event "Titled Tue 20th May Early"]
[Site "chess.com INT"]
[Date "2025.05.20"]
[Round "1"]
[White "Dinesh, Rajan M"]
[Black "Chogdov, Munkhbat"]
[Result "1-0"]
[WhiteTitle "CM"]
[BlackTitle "FM"]
[WhiteElo "2133"]
[BlackElo "2238"]
[WhiteFideId "35060600"]
[BlackFideId "13200860"]
[EventDate "2025.05.20"]

1. e4 e5 2. Nf3 Nc6 3. d4 exd4 4. Bc4 Bc5 5. O-O d6 6. c3 d3 7. Qxd3 h6 8. a4 a5
9. Na3 Nge7 10. Nb5 O-O 11. Bf4 Be6 12. Rad1 Ng6 13. Bg3 Bxc4 14. Qxc4 Qe7 15.
Rfe1 Bb6 16. Nbd4 Nxd4 17. cxd4 Rad8 18. h4 Qf6 19. h5 Nf4 20. Bh4 Qe6 21. Qxe6
fxe6 22. Bxd8 Rxd8 23. g3 Nxh5 24. e5 d5 25. Kg2 g6 26. Rh1 Kg7 27. Rh4 Rh8 28.
Rdh1 Rh7 29. Kf1 c5 30. Ke2 Rh8 31. dxc5 Bxc5 32. Rc1 b6 33. Ne1 Rf8 34. Nd3 Be7
35. Rc7 Rf7 36. Rh1 Kg8 37. Rb7 Bc5 38. Nxc5 bxc5 39. Rxf7 Kxf7 40. g4 Nf4+ 41.
Ke3 g5 42. Rxh6 Ng2+ 43. Kd2 Nh4 44. Rf6+ Ke7 45. Kc3 Ng2 46. Rg6 Nf4 47. Rxg5
Kf7 48. Kd2 d4 49. b3 Nh3 50. Rh5 Nxf2 51. Rh7+ Kg6 52. Re7 Nxg4 53. Rxe6+ Kf5
54. Rc6 Nxe5 55. Rxc5 Ke4 56. Rxa5 Nf3+ 57. Kd1 d3 58. Rb5 Ke3 59. a5 Nd4 60.
Re5+ Kf4 61. Rd5 Nxb3 62. a6 Ke4 63. Rd8 Nc5 64. a7 1-0

[Event "Titled Tue 20th May Early"]
[Site "chess.com INT"]
[Date "2025.05.20"]
[Round "1"]
[White "Sharankov, Grigory"]
[Black "Bardyk, Artem"]
[Result "0-1"]
[WhiteTitle "CM"]
[BlackTitle "FM"]
[WhiteElo "2238"]
[BlackElo "2284"]
[WhiteFideId "4168356"]
[BlackFideId "34349979"]
[EventDate "2025.05.20"]

1. e4 c6 2. d4 d5 3. e5 Bf5 4. h4 Qb6 5. Nf3 e6 6. Bd3 Bxd3 7. Qxd3 c5 8. O-O
cxd4 9. Nxd4 Nc6 10. Nxc6 bxc6 11. c4 Ne7 12. Nc3 Ng6 13. Qg3 h5 14. cxd5 cxd5
15. Rb1 Be7 16. Bg5 Bxg5 17. Qxg5 Qd8 18. f4 Qxg5 19. hxg5 Ke7 20. Ne2 Rhc8 21.
Rfc1 Rab8 22. b3 f6 23. gxf6+ gxf6 24. exf6+ Kxf6 25. Kf2 a5 26. Ke3 Nh4 27. Kf2
Rxc1 28. Rxc1 a4 29. Rc3 axb3 30. Rxb3 Ra8 31. a3 Nf5 32. Kf3 Ra4 33. g3 Re4 34.
Rd3 Rc4 35. Rb3 Ra4 36. Rd3 Ke7 37. Rb3 Kd6 38. Rb6+ Kd7 39. Rb3 Nd6 40. Rd3 Nc4
41. Nd4 Rxa3 42. Rxa3 Nxa3 43. g4 hxg4+ 44. Kxg4 Nc4 45. Kf3 Ke7 46. Nc6+ Kf6
47. Nd4 Nd6 48. Nc6 Nf5 49. Ne5 Ke7 50. Kg4 Kd6 51. Nf7+ Kd7 52. Ne5+ Ke7 53.
Nc6+ Kf6 54. Ne5 Ne3+ 55. Kf3 Nc4 56. Ng4+ Kg6 57. Kg3 Kf5 58. Nh6+ Ke4 59. Nf7
d4 60. Ng5+ Ke3 61. Nxe6 d3 62. Nc5 d2 0-1

[Event "Titled Tue 20th May Early"]
[Site "chess.com INT"]
[Date "2025.05.20"]
[Round "1"]
[White "Mirimanian, Hayk"]
[Black "Ahmad, Khagan"]
[Result "0-1"]
[WhiteTitle "FM"]
[BlackTitle "IM"]
[WhiteElo "2237"]
[BlackElo "2405"]
[WhiteFideId "4700180"]
[BlackFideId "13431552"]
[EventDate "2025.05.20"]

1. c4 e6 2. Nc3 d5 3. cxd5 exd5 4. d4 c6 5. Bf4 Bd6 6. Bg3 Ne7 7. e3 O-O 8. Bd3
Bf5 9. Nge2 Bxd3 10. Qxd3 Re8 11. O-O Bxg3 12. Nxg3 Nd7 13. Rae1 Qb6 14. Re2
Rad8 15. Rd1 g6 16. h4 h5 17. Rc2 Nc8 18. Na4 Qa5 19. b3 Nd6 20. Qc3 Qxc3 21.
Rxc3 Nf6 22. Nc5 Nfe4 23. Ngxe4 Nxe4 24. Rc2 Nxc5 25. Rxc5 Re4 26. g3 Kg7 27. b4
a6 28. a4 Re6 29. Rdc1 Kf6 30. b5 axb5 31. axb5 Rc8 32. Kf1 Rd6 33. Ra1 b6 34.
Rc2 c5 35. dxc5 bxc5 36. Ra6 Rxa6 37. bxa6 c4 38. Ra2 Ke5 39. a7 Ra8 40. Ke2 Kd6
41. Kd2 Kc6 42. Ra5 Kb6 43. Rxd5 Rxa7 44. Rd6+ Kc5 45. Rf6 Kd5 46. Rf4 f5 47.
Kc3 Ra3+ 48. Kc2 Kc5 49. Kb2 Rd3 50. Kc2 Kb4 51. Rd4 Ra3 52. Rf4 Ra2+ 53. Kb1
Re2 54. Kc1 Kb3 55. Kd1 Ra2 56. e4 c3 57. exf5 c2+ 58. Kd2 Ra1 59. Rf3+ Kb2 60.
Rc3 Rd1+ 61. Ke2 Kxc3 62. fxg6 c1=Q 63. Kf3 Rd3+ 64. Kg2 Qh6 0-1

[Event "Titled Tue 20th May Early"]
[Site "chess.com INT"]
[Date "2025.05.20"]
[Round "1"]
[White "Karttunen, Mika"]
[Black "Ugarte Soto, Cesar"]
[Result "1-0"]
[WhiteTitle "IM"]
[BlackTitle "CM"]
[WhiteElo "2490"]
[BlackElo "2088"]
[WhiteFideId "502081"]
[BlackFideId "3601331"]
[EventDate "2025.05.20"]

1. e4 c5 2. Nf3 g6 3. d4 cxd4 4. Nxd4 Nc6 5. c4 Nf6 6. Nc3 Nxd4 7. Qxd4 Bg7 8.
Be3 O-O 9. Qd2 d6 10. Be2 Be6 11. O-O Qa5 12. Rac1 Rfc8 13. b3 a6 14. a4 Nd7 15.
Nd5 Qxd2 16. Bxd2 Bxd5 17. exd5 Nc5 18. Rb1 Ne4 19. Rfd1 Nxd2 20. Rxd2 a5 21.
Bg4 f5 22. Bh3 b6 23. g4 f4 24. g5 Rf8 25. Be6+ Kh8 26. f3 h6 27. h4 Kh7 28. Kf2
Bc3 29. Rd3 Be5 30. Ke2 Kg7 31. Rg1 hxg5 32. Rxg5 Rh8 33. Rg4 Rh6 34. Rd1 Rah8
35. Rdg1 Bd4 36. R1g2 Be5 37. h5 Rxh5 38. Rxg6+ Kh7 39. Bg8+ Rxg8 40. Rxg8 Rh1
41. Kd3 Re1 42. R8g5 Kh6 43. Rg6+ Kh7 44. R6g4 Rh1 45. Ke4 Rh5 46. Rg5 Rh6 47.
Kf5 Rf6+ 48. Kg4 Rh6 49. Rh5 Rxh5 50. Kxh5 Bf6 51. Rg4 Be5 52. Rg5 Kh8 53. Kg6
Kg8 54. Kf5+ Kf7 55. Rh5 Ke8 56. Ke6 Kd8 57. Rg5 Bf6 58. Rg4 Be5 59. Rg8+ Kc7
60. Kxe7 Bd4 61. Ke6 Be5 62. Rf8 1-0

[Event "Titled Tue 20th May Early"]
[Site "chess.com INT"]
[Date "2025.05.20"]
[Round "1"]
[White "Aslanov, Umid"]
[Black "Dreelinck, Jacob"]
[Result "1-0"]
[WhiteTitle "FM"]
[BlackTitle "FM"]
[WhiteElo "2324"]
[BlackElo "2252"]
[WhiteFideId "13412620"]
[BlackFideId "250511"]
[EventDate "2025.05.20"]

1. e4 c5 2. Nf3 d6 3. d4 cxd4 4. Nxd4 Nf6 5. Nc3 a6 6. Bc4 e6 7. Bb3 Nbd7 8. f4
Nc5 9. e5 dxe5 10. fxe5 Nxb3 11. axb3 Nd5 12. O-O Bc5 13. Kh1 Ne7 14. Be3 Bxd4
15. Bxd4 O-O 16. Ne4 Nc6 17. c3 Qh4 18. Qf3 Nxd4 19. cxd4 Bd7 20. Qe3 Bc6 21.
Rf4 Qh6 22. Raf1 Rac8 23. Nd6 Rc7 24. Qg3 g6 25. Rh4 Qg7 26. Rhf4 Bd5 27. Qd3
Rd8 28. Nxf7 Rxf7 29. Rxf7 Qxf7 30. Rxf7 Kxf7 31. Qc3 Bc6 32. Qc5 Rd7 33. h4 Kg7
34. Kh2 Rf7 35. Kh3 Bd5 36. b4 Rf2 37. Qe7+ Rf7 38. Qd8 Bc6 39. h5 gxh5 40. Qg5+
Kf8 41. Kh4 Bd5 42. Qd8+ Kg7 43. Kxh5 Rf5+ 44. Kh4 Kg6 45. g4 Rf7 46. Qg8+ Rg7
47. Qe8+ Rf7 48. Qd8 Kg7 49. Kh5 Bc6 50. Qg5+ Kf8 51. Qd8+ Kg7 52. Qg5+ Kf8 53.
Kh6 Be4 54. Qd8# 1-0

[Event "Titled Tue 20th May Early"]
[Site "chess.com INT"]
[Date "2025.05.20"]
[Round "1"]
[White "Seyidli, Mirsaleh"]
[Black "Schmider, Niklas"]
[Result "0-1"]
[WhiteTitle "CM"]
[BlackTitle "IM"]
[WhiteElo "1995"]
[BlackElo "2421"]
[WhiteFideId "13445219"]
[BlackFideId "12993778"]
[EventDate "2025.05.20"]

1. Nf3 c5 2. e3 g6 3. d4 Bg7 4. c4 cxd4 5. exd4 d5 6. cxd5 Nf6 7. Nc3 Nxd5 8.
Bc4 Nb6 9. Bb3 O-O 10. O-O Bg4 11. Be3 Nc6 12. h3 Bxf3 13. Qxf3 Nxd4 14. Bxd4
Qxd4 15. Qxb7 Qb4 16. Rac1 a5 17. Nd5 Nxd5 18. Qxd5 a4 19. Bc4 Qxb2 20. Rb1 Qd4
21. Qxd4 Bxd4 22. Rfd1 Rfd8 23. Kf1 e6 24. Rb4 a3 25. Bb3 Bc5 26. Rxd8+ Rxd8 27.
Rc4 Bb6 28. Rc2 Rd1+ 29. Ke2 Rb1 30. Rd2 Ba5 31. Rc2 Bb6 32. Rd2 Kg7 33. Rc2 Bd4
34. Rd2 Bc3 35. Rc2 Rxb3 36. axb3 Bb2 37. b4 a2 38. Rxb2 a1=Q 39. Rd2 Qe5+ 40.
Kd3 Qd6+ 41. Kc3 Qc6+ 42. Kb3 Qxg2 43. b5 Qxh3+ 44. Kb4 Qh4+ 45. Kc5 Qe7+ 46.
Kc6 Qe8+ 47. Rd7 Qa8+ 48. Rb7 Qc8+ 49. Rc7 Qa8+ 50. Rb7 h5 51. b6 h4 52. Kc7 h3
53. Rb8 Qa5 54. Rd8 h2 55. Rd1 Qc5+ 56. Kb7 h1=Q+ 57. Rxh1 Qd5+ 0-1

[Event "Titled Tue 20th May Early"]
[Site "chess.com INT"]
[Date "2025.05.20"]
[Round "1"]
[White "Yanev, Tihomir"]
[Black "Arakelyan, Manvel"]
[Result "1-0"]
[WhiteTitle "IM"]
[BlackTitle "FM"]
[WhiteElo "2354"]
[BlackElo "2326"]
[WhiteFideId "2910110"]
[BlackFideId "13317415"]
[EventDate "2025.05.20"]

1. e4 c5 2. Nf3 Nc6 3. c3 Nf6 4. Bd3 d6 5. h3 e5 6. Bc2 Be7 7. O-O O-O 8. Re1
Ne8 9. d4 cxd4 10. cxd4 exd4 11. Nxd4 Nxd4 12. Qxd4 Be6 13. Nc3 Rc8 14. Qxa7 Bf6
15. Bd2 b5 16. Bb3 b4 17. Na4 Ra8 18. Qe3 Rb8 19. Rad1 Qa5 20. Bxe6 fxe6 21. b3
h6 22. Qe2 Nc7 23. Bf4 e5 24. Be3 Nb5 25. Rd5 Qa6 26. Red1 Qc6 27. Qc4 Qxc4 28.
bxc4 Na3 29. Nb6 Rf7 30. Rxd6 Nc2 31. Nd5 Bh4 32. g3 Bd8 33. c5 Ba5 34. c6 Rc8
35. Rc1 Nxe3 36. Nxe3 Bb6 37. Kg2 Kh7 38. Rc2 Bd4 39. Nf5 Bb6 40. Rc4 g6 41. Ne3
Bd4 42. Rd7 Rc7 43. Rxf7+ Rxf7 44. c7 Bxe3 45. fxe3 Rd7 46. c8=Q Rd2+ 47. Kf3
Rd1 48. Rc5 Rf1+ 49. Ke2 Rf7 50. Rc7 Kg7 51. Rd7 Kf6 52. Re7 Rxe7 53. Qc6+ Re6
54. Qc5 Ra6 55. Qxb4 Rxa2+ 56. Kf3 Ra6 57. Qf8+ Kg5 58. Qd8+ Kh5 59. Kg2 Ra2+
60. Kf3 Ra6 61. g4# 1-0

[Event "Titled Tue 20th May Early"]
[Site "chess.com INT"]
[Date "2025.05.20"]
[Round "1"]
[White "Ingebretsen, Jens E"]
[Black "Ochedzan, Filip"]
[Result "0-1"]
[WhiteTitle "IM"]
[BlackTitle "CM"]
[WhiteElo "2414"]
[BlackElo "2130"]
[WhiteFideId "1522965"]
[BlackFideId "21892610"]
[EventDate "2025.05.20"]

1. c4 c5 2. Nf3 Nc6 3. d4 cxd4 4. Nxd4 Nxd4 5. Qxd4 Nf6 6. Nc3 d6 7. g3 Bd7 8.
Bg2 Bc6 9. Nd5 Bxd5 10. cxd5 g6 11. O-O Bg7 12. Bd2 O-O 13. Rfc1 Qd7 14. Qb4
Rfc8 15. a4 Rxc1+ 16. Rxc1 Rc8 17. Rxc8+ Qxc8 18. Bc3 Qc7 19. a5 Nd7 20. Bxg7
Kxg7 21. Qd4+ Kg8 22. b4 b6 23. a6 Qc1+ 24. Bf1 Ne5 25. Kg2 Qa3 26. e3 Qc1 27.
Bb5 Qc2 28. h4 h5 29. e4 Ng4 30. Bd7 Ne5 31. Bb5 Ng4 32. Be8 Ne5 33. Qe3 Kf8 34.
Bb5 Ng4 35. Qf4 Nf6 36. e5 Qe4+ 37. Qxe4 Nxe4 38. exd6 exd6 39. Kf3 Nc3 40. Bc6
Ke7 41. Kf4 Kf6 42. f3 Ne2+ 43. Ke3 Nxg3 44. Kf4 Nf5 45. Ke4 Nxh4 46. f4 Nf5 47.
Bd7 Ne7 48. Bh3 g5 49. fxg5+ Kxg5 50. b5 f5+ 51. Kd4 Kf4 52. Bf1 h4 53. Bh3 Kg3
54. Bf1 h3 55. Bxh3 Kxh3 56. Ke3 Kg4 57. Kf2 f4 58. Kg2 Kf5 59. Kf2 Ke5 60. Kf1
Kxd5 61. Kf2 Kc5 62. Kf3 Kxb5 63. Kxf4 Kxa6 64. Ke4 Kb5 65. Kd4 Kb4 66. Kd3 Kb3
67. Kd2 Kb2 68. Kd3 a5 69. Kc4 a4 70. Kb5 a3 71. Ka6 a2 72. Kb7 a1=Q 73. Kc7 d5
74. Kb7 d4 75. Kb8 d3 76. Kc7 d2 77. Kb7 d1=Q 78. Kb8 Qd8+ 79. Kb7 Qaa8# 0-1